Теплообмен и тепловые испытания материалов и конструкций аэрокосмической техники при радиационном нагреве (Запись № 10319022)

Подробности
000 -МАРКЕР
контрольное поле 02408nam0a2200409 i 4500
001 - ИДЕНТИФИКАТОР ЗАПИСИ
контрольное поле RU\NLR\BIBL_A\010546587
005 - ИДЕНТИФИКАТОР ВЕРСИИ
контрольное поле 20241101004832.0
010 ## - МЕЖДУНАРОДНЫЙ СТАНДАРТНЫЙ НОМЕР КНИГИ (ISBN)
Номер (ISBN) 9785703839478
Тираж 400
021 ## - НОМЕР ГОСУДАРСТВЕННОЙ РЕГИСТРАЦИИ
Код страны российская федерация
Номер 2014-72895
Номер Листа государственной регистраци 4464
035 ## - ДРУГИЕ СИСТЕМНЫЕ НОМЕРА
Идентификатор записи (NILC)RuMoRGB-007559461
035 ## - ДРУГИЕ СИСТЕМНЫЕ НОМЕРА
Идентификатор записи (NLR Aleph) 010546587
100 ## - ДАННЫЕ ОБЩЕЙ ОБРАБОТКИ
Данные общей обработки 20141128d2014 km y0rusy50 ca
101 0# - ЯЗЫК РЕСУРСА
Язык текста, звукозаписи и т.д. русский
Язык резюме английский
102 ## - СТРАНА ПУБЛИКАЦИИ ИЛИ ПРОИЗВОДСТВА
Страна публикации российская федерация
105 ## - ПОЛЕ КОДИРОВАННЫХ ДАННЫХ: ТЕКСТОВЫЕ МАТЕРИАЛЫ, МОНОГРАФИЧЕСКИЕ
Кодированные данные о монографическом текстовом документе a|||z|||000yy
200 1# - ЗАГЛАВИЕ И СВЕДЕНИЯ ОБ ОТВЕТСТВЕННОСТИ
Основное заглавие Теплообмен и тепловые испытания материалов и конструкций аэрокосмической техники при радиационном нагреве
Параллельное заглавие Heat transfer and heat testing of materials and aerospace structures with radiant heating
Первые сведения об ответственности В. Н. Елисеев, В. А. Товстоног
Язык параллельного заглавия английский
210 ## - ПУБЛИКАЦИЯ, РАСПРОСТРАНЕНИЕ И ДР.
Место издания, распространения и т.д. Москва
Имя издателя, распространителя и т. д. Изд-во МГТУ им. Н.Э. Баумана
Дата издания, распространения и т.д. 2014
215 ## - ФИЗИЧЕСКАЯ ХАРАКТЕРИСТИКА
Специфическое обозначение материала и объем 395, [1] с.
Другие сведения о физической характеристике ил., табл.
Размеры 22
300 ## - ОБЩИЕ ПРИМЕЧАНИЯ
Текст примечания Авт. также на англ. яз.: V.N. Eliseev, V.A. Tovstonog
300 ## - ОБЩИЕ ПРИМЕЧАНИЯ
Текст примечания На 4-й с. обл. авт.: д-ра техн. наук, профессора: В.Н. Елисеев, В.А. Товстоног
300 ## - ОБЩИЕ ПРИМЕЧАНИЯ
Текст примечания Рез. на англ. яз.
320 ## - ПРИМЕЧАНИЯ О НАЛИЧИИ В ДОКУМЕНТЕ БИБЛИОГРАФИИ / УКАЗАТЕЛЯ
Текст примечания Библиогр.: с. 370-390 (319 назв.)
510 1# - ПАРАЛЛЕЛЬНОЕ ЗАГЛАВИЕ
Связь между полями z22790
Параллельное заглавие Heat transfer and heat testing of materials and aerospace structures with radiant heating
Язык заглавия английский
606 1# - НАИМЕНОВАНИЕ ТЕМЫ КАК ПРЕДМЕТ
Наименование темы Космические летательные аппараты
Тематический подзаголовок Теплозащита
-- Материалы
Системный номер авторитетной/нормативной записи 1438758
Идентификатор авторитетной/нормативной записи RU\NLR\AUTH\66608593
606 1# - НАИМЕНОВАНИЕ ТЕМЫ КАК ПРЕДМЕТ
Наименование темы Космические летательные аппараты
Тематический подзаголовок Радиационный нагрев
Системный номер авторитетной/нормативной записи 1438243
Идентификатор авторитетной/нормативной записи RU\NLR\AUTH\66608327
686 1# - ИНДЕКСЫ ДРУГИХ КЛАССИФИКАЦИЙ
Индекс О62-037.1
686 1# - ИНДЕКСЫ ДРУГИХ КЛАССИФИКАЦИЙ
Индекс О62-044.06
700 #1 - ИМЯ ЛИЦА - ПЕРВИЧНАЯ ОТВЕТСТВЕННОСТЬ
Графика поля Кириллица
Материалы, к которым относится поле rus
Начальный элемент ввода Елисеев
Часть имени, кроме начального элемента ввода В. Н.
Дополнения к именам, кроме дат д-р техн. наук
Расширение инициалов личного имени Виктор Николаевич
Системный номер авторитетной/нормативной записи 139822
Идентификатор авторитетной/нормативной записи RU\NLR\AUTH\770139857
701 #1 - ИМЯ ЛИЦА - АЛЬТЕРНАТИВНАЯ ОТВЕТСТВЕННОСТЬ
Графика поля Кириллица
Материалы, к которым относится поле rus
Начальный элемент ввода Товстоног
Часть имени, кроме начального элемента ввода В. А.
Расширение инициалов личного имени Валерий Алексеевич
Системный номер авторитетной/нормативной записи 139835
Идентификатор авторитетной/нормативной записи RU\NLR\AUTH\770139870
790 #1 - ИМЯ ЛИЦА - АЛЬТЕРНАТИВНАЯ ФОРМА
Графика поля Латинская
Материалы, к которым относится поле rus
Начальный элемент ввода Eliseev
Часть имени, кроме начального элемента ввода V. N.
Дополнения к именам, кроме дат д-р техн. наук
Расширение инициалов личного имени Viktor Nikolaevič
Системный номер авторитетной/нормативной записи 139825
Идентификатор авторитетной/нормативной записи RU\NLR\AUTH\770139860
790 #1 - ИМЯ ЛИЦА - АЛЬТЕРНАТИВНАЯ ФОРМА
Графика поля Латинская
Материалы, к которым относится поле rus
Начальный элемент ввода Tovstonog
Часть имени, кроме начального элемента ввода V. A.
Расширение инициалов личного имени Valerij Alekseevič
Системный номер авторитетной/нормативной записи 139842
Идентификатор авторитетной/нормативной записи RU\NLR\AUTH\770139877
801 #0 - ИСТОЧНИК ЗАПИСИ
Страна российская федерация
Организация РГБ
Дата составления 20140930
Правила каталогизации RCR
942 ## - ДОПОЛНИТЕЛЬНЫЕ ЭЛЕМЕНТЫ ЗАПИСИ (АБИС)
Тип экземпляра АБИС Книга
980 ## - КОЛЛЕКЦИЯ
Название коллекции НБР

Нет доступных экземпляров.